000 00884nam a2200277 i 4500
001 57705
003 ES-MaACL
005 20230906163627.0
007 t|
008 031017s1944 sp ||||1| spa d
245 0 0 _aDos joyas del teatro asiático /
_c[traducciones de Alfredo Cahn].
250 _a[2ª ed.].
260 _aMadrid :
_bEspasa-Calpe,
_c[1944] (
_fGerónimo J. Pesce)
300 _a152 p. ;
_c18 cm.
490 1 _aColección austral
505 8 _aContiene: La ira de caúsica / Kschemisvara. El círculo de tiza / Li Hsing-Tao
700 1 _aCahn, Alfredo.
_933446
700 1 _aKschemisvara.
_968930
700 1 _aLi, Hsing-Tao.
_972143
740 0 _a2 joyas del teatro asiático.
740 3 _aLa ira de caúsica.
740 3 _aEl círculo de tiza.
830 0 _aColección austral
_9177655
852 _aES-MaACL
_jC-11481
_bR.37867
999 _c57705
_d57705